000 00365nam a2200133Ia 4500
008 230907s9999||||xx |||||||||||||| ||und||
082 _a813.54
_bCON
100 _aConnelly, Michael,
_9115825
245 0 _aCity of bones :
260 _aLittle, Brown,
_bBoston :
_c2009
300 _a393 p. ;
650 _aFiction. English Literature Fiction.
_9115826
942 _cBK
999 _c599800
_d599800